00241nam a22000977a 4500008004100000082001100041245005300052260000900105300001100114440001800125180803b xxu||||| |||| 00| 0 eng d a813.52 aThere's an easier way to stadycSpring Elsevier c2008 a1fDVD x9781416056874